000 00583nam a2200217Ia 4500
003 OSt
005 20220928141048.0
006 a|||||r|||| 00| 0
007 ta
008 220927b |||||||| |||| 00| 0 eng d
024 _a13346
037 _cTextual
040 _aSDCL
_cSDCL
_beng
041 _2eng
_aeng
082 _aWv, L6
100 _aGouldner Alvin W
_9394720
245 0 _aDialectic of ideology and technology
_b Origins, grammar, and future of ideology
260 _c1976
942 _hWv, L6
_cTEXL
_2CC
999 _c815755
_d815755